[Event "Benidorm op U2000 16th"]
[Site "Benidorm"]
[Date "2017.12.08"]
[Round "9"]
[White "Cebolla Moll, Ricardo"]
[Black "Esquerdo Nogueroles, Gaspar"]
[Result "0-1"]
[WhiteElo "1957"]
[BlackElo "1933"]
[PlyCount "56"]
[EventDate "2017.12.01"]
[EventType "swiss"]
[EventRounds "10"]
[EventCountry "ESP"]
[SourceTitle "EXT 2019"]
[Source "ChessBase"]
[SourceDate "2018.10.10"]
[SourceVersion "1"]
[SourceVersionDate "2018.10.10"]
[SourceQuality "1"]

1. f4 d5 2. Nf3 Nf6 3. e3 g6 4. Be2 Bg7 5. 0-0 0-0 6. d3 c5 7. Ne5 Nfd7 8. d4 f6 9. Nf3 a6 10. Nc3 e6 11. Qe1 Nc6 12. a3 b5 13. Nd1 e5 14. c3 Qe7 15. b4 cxd4 16. cxd4 Nb6 17. Bb2 exf4 18. exf4 Bf5 19. Nc3 Rfe8 20. Qf2 Rac8 21. Rfe1 Qd6 22. Nh4 Be6 23. f5 Bf7 24. fxg6 hxg6 25. Bd3 f5 26. Ne2 Na4 27. Bc1 Nxd4 28. Nxd4 Rxe1+ 0-1

[Event "Benidorm op U2000 15th"]
[Site "Benidorm"]
[Date "2016.12.10"]
[Round "10"]
[White "Lozano Osorio, Isaac"]
[Black "Cebolla Moll, Ricardo"]
[Result "1-0"]
[WhiteElo "1999"]
[BlackElo "1962"]
[PlyCount "83"]
[EventDate "2016.12.02"]
[EventType "swiss"]
[EventRounds "10"]
[EventCountry "ESP"]
[SourceTitle "EXT 2019"]
[Source "ChessBase"]
[SourceDate "2018.10.10"]
[SourceVersion "1"]
[SourceVersionDate "2018.10.10"]
[SourceQuality "1"]

1. Nf3 Nf6 2. c4 e6 3. d4 d5 4. g3 Be7 5. Bg2 0-0 6. 0-0 Nc6 7. Nbd2 Rb8 8. a3 Ne4 9. Qc2 Bf6 10. e3 Nd6 11. c5 Ne8 12. b4 Bd7 13. b5 Na5 14. a4 c6 15. Rb1 cxb5 16. axb5 a6 17. Ba3 Bxb5 18. c6 Bxf1 19. Bxf1 Nxc6 20. Bxf8 Kxf8 21. Qxh7 b5 22. Nb3 a5 23. Nc5 b4 24. Bh3 Nc7 25. Rc1 Ke7 26. Nxe6 Nxe6 27. Rxc6 Rc8 28. Ra6 Ra8 29. Qd3 Qc8 30. Rxa8 Qxa8 31. Qb5 g6 32. Nd2 Kf8 33. Nb3 Bd8 34. Bg2 Qa7 35. Bxd5 Nc7 36. Qd7 Nb5 37. Qxb5 a4 38. Qxb4+ Kg7 39. Nc5 a3 40. Qb7 Bb6 41. Qxa7 Bxa7 42. Kf1 1-0

[Event "Valencia Region-ch"]
[Site "Valencia"]
[Date "2016.10.29"]
[Round "4"]
[White "Cebolla Moll, Ricardo"]
[Black "Albuixec Sanz, Jorge"]
[Result "1-0"]
[WhiteElo "1964"]
[BlackElo "1810"]
[PlyCount "125"]
[EventDate "2016.10.01"]
[EventType "swiss"]
[EventRounds "7"]
[EventCountry "ESP"]
[SourceTitle "EXT 2024"]
[Source "ChessBase"]
[SourceDate "2023.10.10"]
[SourceVersion "1"]
[SourceVersionDate "2023.10.10"]
[SourceQuality "1"]

1. f4 d5 2. Nf3 Nf6 3. e3 g6 4. b3 Bg7 5. Bb2 0-0 6. Be2 c5 7. 0-0 Nc6 8. Ne5 d4 9. Nxc6 bxc6 10. Bf3 Ba6 11. Re1 Nd5 12. Bxd5 Qxd5 13. e4 Qd6 14. e5 Qd5 15. d3 Bc8 16. Nd2 Bh6 17. g3 Bh3 18. Qf3 f6 19. exf6 exf6 20. Ne4 f5 21. Nd2 g5 22. Re5 Qxf3 23. Nxf3 gxf4 24. Bc1 Bg7 25. Rxc5 fxg3 26. hxg3 Rfe8 27. Kf2 Re6 28. Ng1 Rh6 29. Nxh3 Rxh3 30. Rxc6 Re8 31. Kg2 Rh5 32. Bf4 Re2+ 33. Kf3 Rhh2 34. Rf1 Rxc2 35. Rxc2 Rxc2 36. Rf2 Rc3 37. Ke2 Rc2+ 38. Ke1 Rc3 39. Kd2 Kf7 40. Re2 Rc6 41. Be5 Bh6+ 42. Bf4 Bf8 43. Re5 Bb4+ 44. Kd1 Kf6 45. Rb5 Bc3 46. Rb7 Re6 47. Bd2 Bxd2 48. Kxd2 Re3 49. Rxh7 Rxg3 50. Rxa7 Rg2+ 51. Ke1 Ke5 52. Rc7 Kf4 53. a4 Rb2 54. Rb7 Ke3 55. Kf1 Kxd3 56. a5 Kc3 57. a6 Ra2 58. a7 d3 59. b4 f4 60. b5 f3 61. b6 d2 62. Rd7 Ra4 63. Rxd2 1-0

[Event "Valencia Region-ch"]
[Site "Valencia"]
[Date "2016.10.08"]
[Round "2"]
[White "Cebolla Moll, Ricardo"]
[Black "Picornell Morant, Juan Enrique"]
[Result "1-0"]
[WhiteElo "1964"]
[BlackElo "1898"]
[PlyCount "135"]
[EventDate "2016.10.01"]
[EventType "swiss"]
[EventRounds "7"]
[EventCountry "ESP"]
[SourceTitle "EXT 2024"]
[Source "ChessBase"]
[SourceDate "2023.10.10"]
[SourceVersion "1"]
[SourceVersionDate "2023.10.10"]
[SourceQuality "1"]

1. f4 d5 2. Nf3 g6 3. e3 Bg7 4. Be2 Nf6 5. 0-0 0-0 6. d3 c5 7. Qe1 Nc6 8. Ne5 Qc7 9. Nxc6 Qxc6 10. Qh4 Qc7 11. Nd2 b6 12. Nf3 Bb7 13. Ne5 Rae8 14. c3 Nd7 15. d4 Nxe5 16. fxe5 f6 17. Bb5 Bc6 18. Bxc6 Qxc6 19. exf6 Bxf6 20. Qg4 e5 21. Bd2 exd4 22. cxd4 cxd4 23. Rac1 Qe6 24. Qxe6+ Rxe6 25. e4 dxe4 26. Bh6 Rfe8 27. Rc7 e3 28. Rd7 e2 29. Re1 Rd8 30. Rxd8+ Bxd8 31. Bd2 d3 32. Kf2 Bf6 33. b3 Bd4+ 34. Kf3 Kf7 35. Rc1 h5 36. Rc7+ Kf6 37. Rd7 Bb2 38. Kf2 Re4 39. Rxd3 Bd4+ 40. Ke1 Bg1 41. h3 Ke6 42. Rg3 Kf5 43. Rg5+ Kf6 44. Rg3 h4 45. Rg4 Re8 46. Rf4+ Ke5 47. Kxe2 g5 48. Rg4 Kd5+ 49. Kd3 Bf2 50. Bxg5 Re1 51. Bxh4 Re3+ 52. Kd2 Bg1 53. Bg5 Re8 54. h4 Rg8 55. Rf4 Bd4 56. Kd3 Be5 57. Rf5 Ke6 58. Ke4 Bh8 59. g4 Rg7 60. h5 Rd7 61. Be3 Rd1 62. g5 Rh1 63. g6 Rh4+ 64. Bf4 Bg7 65. Rf7 Bh6 66. Kf3 Rxh5 67. Rh7 Rh3+ 68. Kg4 1-0

[Event "Valencia Provincial-ch"]
[Site "Valencia"]
[Date "2014.11.15"]
[Round "6"]
[White "Cebolla Moll, Ricardo"]
[Black "Custard Gasco, Daniela Brenda"]
[Result "1-0"]
[WhiteElo "2017"]
[BlackElo "1775"]
[PlyCount "83"]
[EventDate "2014.09.27"]
[EventType "swiss"]
[EventRounds "7"]
[EventCountry "ESP"]
[SourceTitle "EXT 2016"]
[Source "ChessBase"]
[SourceDate "2015.10.08"]
[SourceVersion "1"]
[SourceVersionDate "2015.10.08"]
[SourceQuality "1"]

1. f4 d5 2. Nf3 Nf6 3. e3 Bf5 4. b3 e6 5. Bb2 Be7 6. Ne5 0-0 7. Be2 h6 8. 0-0 Nbd7 9. Bd3 Bxd3 10. Nxd3 c6 11. Nc3 Qc7 12. Ne2 Ne4 13. Nf2 Bf6 14. c3 Nxf2 15. Rxf2 Nc5 16. Qc2 Ne4 17. Rf3 Rfe8 18. Ng3 Nxg3 19. Rxg3 Rac8 20. Rf1 Qe7 21. Qd1 g6 22. Qg4 Kh7 23. Rh3 c5 24. d3 c4 25. bxc4 dxc4 26. d4 Bg7 27. e4 f5 28. Qf3 Rc6 29. Re1 Rb6 30. Bc1 Qd7 31. e5 Rb1 32. Qe2 Qb5 33. Qc2 Rc8 34. Rhe3 Rc6 35. R3e2 Rb6 36. h3 Bf8 37. g4 Be7 38. gxf5 gxf5 39. Rg2 Qe8 40. Qf2 Qf7 41. Kh2 Qe8 42. Reg1 1-0

[Event "Valencia Provincial-ch"]
[Site "Valencia"]
[Date "2014.10.24"]
[Round "4"]
[White "Cebolla Moll, Ricardo"]
[Black "Leon Ortiz, Jose Vicente"]
[Result "1-0"]
[WhiteElo "2017"]
[BlackElo "1794"]
[PlyCount "70"]
[EventDate "2014.09.27"]
[EventType "swiss"]
[EventRounds "7"]
[EventCountry "ESP"]
[SourceTitle "EXT 2016"]
[Source "ChessBase"]
[SourceDate "2015.10.08"]
[SourceVersion "1"]
[SourceVersionDate "2015.10.08"]
[SourceQuality "1"]

1. f4 Nf6 2. Nf3 c5 3. e3 g6 4. b3 Bg7 5. Bb2 0-0 6. Be2 Nc6 7. 0-0 d5 8. Ne5 d4 9. Nxc6 bxc6 10. Bf3 Nd5 11. g3 Ba6 12. Re1 e5 13. e4 Ne7 14. fxe5 Bxe5 15. d3 Qd6 16. Qe2 Rae8 17. Nd2 Kh8 18. Qg2 f5 19. Rf1 f4 20. g4 g5 21. Be2 Bf6 22. Nf3 Ng6 23. Rae1 Ne5 24. Nxe5 Bxe5 25. Rf3 Rf6 26. Rh3 Rh6 27. Rf1 Bc8 28. Rff3 Ree6 29. Ba3 Qf8 30. Rxh6 Rxh6 31. Rh3 Bd6 32. Rxh6 Qxh6 33. e5 Bxe5 34. Bxc5 a6 35. Qe4 Qh3 1-0

[Event "Valencia Provincial-ch"]
[Site "Valencia"]
[Date "2014.09.27"]
[Round "1"]
[White "Fos Santacreu, Juan Andres"]
[Black "Cebolla Moll, Ricardo"]
[Result "1-0"]
[WhiteElo "2279"]
[BlackElo "2017"]
[PlyCount "90"]
[EventDate "2014.09.27"]
[EventType "swiss"]
[EventRounds "7"]
[EventCountry "ESP"]
[SourceTitle "EXT 2016"]
[Source "ChessBase"]
[SourceDate "2015.10.08"]
[SourceVersion "1"]
[SourceVersionDate "2015.10.08"]
[SourceQuality "1"]

1. e4 c5 2. b3 d6 3. Bb2 Nf6 4. Nc3 Nc6 5. g3 h5 6. h3 h4 7. g4 e5 8. Bg2 g5 9. Nf3 Bh6 10. d3 Ne7 11. Bc1 Nh7 12. Bd2 Ng6 13. Nd5 Be6 14. c4 Bxd5 15. cxd5 0-0 16. 0-0 b5 17. Re1 a5 18. a3 b4 19. a4 Qf6 20. Nh2 Nf4 21. Bc1 Rfe8 22. Nf1 Nf8 23. Ne3 N8g6 24. Bf1 Ne7 25. Qc2 Reb8 26. Ra2 Bf8 27. Qb1 Bh6 28. Kh2 Neg6 29. Bg2 Bf8 30. Rg1 Ne7 31. Bf1 Neg6 32. Nf5 Ra7 33. Rc2 Qd8 34. Be3 f6 35. Be2 Ne7 36. Bxf4 exf4 37. d4 Nxf5 38. gxf5 Qe7 39. Bf3 Rc7 40. dxc5 dxc5 41. e5 Qxe5 42. Re1 Qxf5 43. Bg4 Qg6 44. d6 Rcc8 45. Bxc8 Rxc8 1-0

[Event "Provincial-ch Valencia"]
[Site "Valencia"]
[Date "2013.11.23"]
[Round "7"]
[White "Cebolla Moll, Ricardo"]
[Black "Soler di Benedetto, Sandra"]
[Result "1-0"]
[WhiteElo "2040"]
[BlackElo "1931"]
[PlyCount "55"]
[EventDate "2013.10.05"]
[EventType "swiss"]
[EventRounds "7"]
[EventCountry "ESP"]
[SourceTitle "EXT 2024"]
[Source "ChessBase"]
[SourceDate "2023.10.10"]
[SourceVersion "1"]
[SourceVersionDate "2023.10.10"]
[SourceQuality "1"]

1. f4 d5 2. Nf3 Nf6 3. e3 c5 4. b3 g6 5. Bb2 Bg7 6. Bb5+ Bd7 7. Bxd7+ Nbxd7 8. 0-0 0-0 9. Ne5 Rc8 10. Qe2 Qc7 11. Nxd7 Qxd7 12. d3 Qg4 13. Rf3 Rfd8 14. Nd2 Qe6 15. Raf1 b5 16. f5 Qb6 17. Kh1 c4 18. Bd4 cxd3 19. Qxd3 Qc6 20. c3 g5 21. Rh3 h6 22. Qe2 Ne4 23. Nxe4 dxe4 24. Qf2 Rd6 25. Rg3 Qd5 26. h4 gxh4 27. Rxg7+ Kf8 28. Rh7 1-0

[Event "Provincial-ch Valencia"]
[Site "Valencia"]
[Date "2012.10.27"]
[Round "3"]
[White "Silva Rodriguez, Fernando"]
[Black "Cebolla Moll, Ricardo"]
[Result "1-0"]
[WhiteElo "2163"]
[BlackElo "2049"]
[PlyCount "43"]
[EventDate "2012.10.06"]
[EventType "swiss"]
[EventRounds "7"]
[EventCountry "ESP"]
[SourceTitle "EXT 2024"]
[Source "ChessBase"]
[SourceDate "2023.10.10"]
[SourceVersion "1"]
[SourceVersionDate "2023.10.10"]
[SourceQuality "1"]

1. d4 Nf6 2. c4 e5 3. dxe5 Ne4 4. Nf3 Bb4+ 5. Nbd2 Nc6 6. a3 Nxd2 7. Nxd2 Bxd2+ 8. Bxd2 Nxe5 9. Bc3 f6 10. e3 0-0 11. f4 Nc6 12. Bd3 Qe7 13. Qf3 Re8 14. Kd2 d6 15. Rae1 Be6 16. g4 Qf7 17. Qe4 f5 18. gxf5 Bd7 19. Qg2 Kh8 20. Rhg1 Rg8 21. e4 Rae8 22. Re3 1-0

[Event "Cullera op-B 29th"]
[Site "Cullera"]
[Date "2012.08.29"]
[Round "7"]
[White "Cebolla Moll, Ricardo"]
[Black "Santandreu Gregori, David"]
[Result "1-0"]
[WhiteElo "2038"]
[BlackElo "1890"]
[PlyCount "67"]
[EventDate "2012.08.25"]
[EventType "swiss"]
[EventRounds "9"]
[EventCountry "ESP"]
[SourceTitle "CBM 150 Extra"]
[Source "ChessBase"]
[SourceDate "2012.10.19"]
[SourceVersion "1"]
[SourceVersionDate "2012.10.19"]
[SourceQuality "1"]

1. f4 Nf6 2. Nf3 g6 3. e3 Bg7 4. Be2 d6 5. 0-0 0-0 6. Nc3 Bf5 7. Nh4 Bd7 8. g4 e5 9. g5 Ne8 10. d4 exd4 11. exd4 Nc6 12. Be3 Bh3 13. Rf3 Bg4 14. Rg3 Bxe2 15. Nxe2 f5 16. d5 Ne7 17. Bd4 c5 18. dxc6 bxc6 19. Rb3 Qd7 20. Qd2 Bxd4+ 21. Qxd4 Ng7 22. Rd1 Rfd8 23. Rbd3 d5 24. c4 Ne6 25. Qe3 Rac8 26. Nf3 Qd6 27. b4 a6 28. a3 Nc7 29. Ne5 Re8 30. c5 Qd8 31. Nd4 Kf8 32. Qh3 Kg8 33. Qh6 Nb5 34. Ne6 1-0

[Event "Valencia Autonomico Center-B"]
[Site "Valencia"]
[Date "2009.02.07"]
[Round "5.6"]
[White "Company Sancho, Miguel"]
[Black "Cebolla Moll, Ricardo"]
[Result "0-1"]
[WhiteElo "1991"]
[BlackElo "1983"]
[PlyCount "100"]
[EventDate "2009.01.10"]
[EventType "team-tourn"]
[EventRounds "5"]
[EventCountry "ESP"]
[SourceTitle "EXT 2011"]
[Source "ChessBase"]
[SourceDate "2010.11.26"]
[SourceVersion "1"]
[SourceVersionDate "2010.11.26"]
[SourceQuality "1"]

1. d4 Nf6 2. Nf3 g6 3. g3 Bg7 4. Bg2 0-0 5. 0-0 d5 6. Nbd2 Nc6 7. c3 Re8 8. Re1 e5 9. dxe5 Nxe5 10. Nxe5 Rxe5 11. Nf3 Re8 12. Bg5 h6 13. Bxf6 Bxf6 14. Qd2 Kg7 15. Rad1 c6 16. h3 Qa5 17. a3 Qb6 18. e3 Re7 19. Nd4 Bd7 20. Ne2 Rae8 21. Nf4 Bf5 22. Ne2 Be4 23. Nd4 Bxg2 24. Kxg2 Re4 25. h4 Qc7 26. Rh1 Bxd4 27. cxd4 h5 28. Rc1 Qe7 29. Qc3 Qf6 30. Rhe1 Kh7 31. Qc2 Kh6 32. Qd1 Qe7 33. Qc2 f5 34. Rh1 Qd6 35. Qc5 Qb8 36. b4 Rg4 37. Rh3 f4 38. exf4 Qxf4 39. Rd1 Rf8 40. Qc2 Qf3+ 41. Kg1 Re4 42. Qd2+ Kh7 43. Re1 Rfe8 44. Rxe4 Rxe4 45. Rh2 Qxa3 46. Kg2 Qa1 47. Rh1 Qxd4 48. Qg5 Re2 49. Rf1 Qxb4 50. Qf4 Qxf4 0-1

[Event "Cullera op-A"]
[Site "Cullera"]
[Date "2007.07.12"]
[Round "9"]
[White "Sanz Menendez, Juan Carlos"]
[Black "Cebolla Moll, Ricardo"]
[Result "1-0"]
[WhiteElo "2005"]
[BlackElo "2094"]
[PlyCount "65"]
[EventDate "2007.07.06"]
[EventType "swiss"]
[EventRounds "9"]
[EventCountry "ESP"]
[SourceTitle "CBM 119 Extra"]
[Source "ChessBase"]
[SourceDate "2007.09.04"]
[SourceVersion "1"]
[SourceVersionDate "2007.09.04"]
[SourceQuality "1"]

1. Nc3 c5 2. Nf3 Nc6 3. d4 cxd4 4. Nxd4 g6 5. g3 Bg7 6. Nb3 Nf6 7. Bg2 d6 8. 0-0 0-0 9. h3 Bd7 10. Kh2 Qc8 11. e4 a5 12. a4 Nb4 13. Be3 Qc7 14. Qd2 Bc6 15. f4 Nd7 16. Qf2 b6 17. Nd4 Bb7 18. Ncb5 Qd8 19. c3 Nd3 20. Qc2 N3c5 21. Rad1 e5 22. Ne2 Ba6 23. Rxd6 Qe7 24. Rfd1 Bc8 25. f5 Nb7 26. R6d2 Ndc5 27. Nd6 Bd7 28. Nxb7 Bxa4 29. Bxc5 bxc5 30. Qxa4 Qxb7 31. b3 Bh6 32. Rd3 Qe7 33. h4 1-0

[Event "Cullera op-A"]
[Site "Cullera"]
[Date "2007.07.10"]
[Round "7"]
[White "Castellote Lillo, Javier"]
[Black "Cebolla Moll, Ricardo"]
[Result "1-0"]
[WhiteElo "1927"]
[BlackElo "2094"]
[PlyCount "75"]
[EventDate "2007.07.06"]
[EventType "swiss"]
[EventRounds "9"]
[EventCountry "ESP"]
[SourceTitle "CBM 119 Extra"]
[Source "ChessBase"]
[SourceDate "2007.09.04"]
[SourceVersion "1"]
[SourceVersionDate "2007.09.04"]
[SourceQuality "1"]

1. e4 d6 2. d4 Nf6 3. Nc3 g6 4. f4 Bg7 5. Nf3 c5 6. d5 0-0 7. Bc4 a6 8. a4 Nbd7 9. Qe2 Nb6 10. Bb3 Bd7 11. a5 Nc8 12. 0-0 Na7 13. e5 Ng4 14. Ng5 Nh6 15. Nce4 Nf5 16. Nf3 dxe5 17. fxe5 Nd4 18. Nxd4 cxd4 19. Nf2 Nb5 20. Nd3 Nc7 21. Bg5 Qe8 22. Qf2 h6 23. Bh4 Nb5 24. Rae1 g5 25. Bg3 Kh8 26. Nc5 Bg4 27. Qd2 Qc8 28. Nd3 Qd8 29. h4 f6 30. Nc5 Qc7 31. Ne4 f5 32. Nf2 gxh4 33. Bf4 Kh7 34. Qd3 Kh8 35. Nxg4 fxg4 36. Qg6 Rxf4 37. Rxf4 Qxa5 38. Ref1 1-0